000 00337nam a2200133Ia 4500
008 230411s9999 xx 000 0 und d
041 _aeng
082 _aF/610.7309/TNA/B06055
100 _aTNAI
245 _aHistory and Trends in Nursing in India
260 _bTNAI
_aNew Delhi
_c2001
300 _a290p
999 _c156517
_d156517